RZECZY, KTÓRE POWINIEN MIEĆ PRZY SOBIE FOTOGRAF - Statystyki

Ogólne statystyki
  • Ten quiz został rozwiązany 48 razy
  • Średni wynik to 2 z 5
Statystyki odpowiedzi
Odpowiedź % Poprawnych
APARAT
100%
STATYW
66%
BATERIE
11%
KARTĘ PAMIĘCI
11%
LAMPĘ BŁYSKOWĄ
3%
Nie znaleziono quizów pasujących do podanych kryteriów
Rozkład punktacji
Procent ludzi z każdym wynikiem
Percentyl według liczby udzielonych odpowiedzi
Twoja historia wyników
Nie rozwiązałeś tego quizu